| 000 | 00398cam a2200169 4500 | ||
|---|---|---|---|
| 001 | D13165 | ||
| 008 | 090401t1953 xxu||||| |||| 00| 0 eng d | ||
| 035 | _a(Sirsi) u8098 | ||
| 041 | _aeng | ||
| 245 | _aKnight`s annotated model byelaws Vol I- Buildings | ||
| 250 | _a11th | ||
| 260 |
_aLondon _bCharles Knight _c1953 |
||
| 350 | _a0 | ||
| 520 | _aShelf 117 | ||
| 942 | _n0 | ||
| 948 | _c04/03/1997 | ||
| 999 |
_c86480 _d86480 |
||